| 000 | 00473nam a22001697a 4500 | ||
|---|---|---|---|
| 005 | 20251108164158.0 | ||
| 008 | 250721s1994 xx 000 0 ara d | ||
| 082 | 1 | 4 | _a210.4/محم |
| 100 | 1 | _aمحمود، مصطفى | |
| 245 | 1 | 0 | _aالإسلام في خندق / |
| 264 | 1 |
_aالقاهرة : _bدار أخبار اليوم، _c1994. |
|
| 300 | _a157 ص. | ||
| 650 | 1 | 7 | _aالإسلام |
| 650 | 1 | 7 | _aالمقالات الدينية |
| 942 |
_2ddc _cBK |
||
| 999 |
_c5630 _d5630 |
||